00654nam a2200205Ia 4500003000400000005001700004008004100021020001800062040000700080041000800087082001700095100002600112245007000138260004000208300000900248650002200257942001300279999001900292952013700311OSt20250814131124.0250729s2005 xx 000 0 und d a9788170239468 cAL aeng a373.001 JAGS aTirumlesh K V9221307 aGrammer and communication essays on the form function of language aNew DelhibAllied Publicationc2005 a516p aEducation9221308 2ddccBED c234949d234949 001040708BEDaALbALd2025-07-29eSita Book Houseg475.00l0o373.001 JAGSpBED00268r2025-07-29 16:53:35v475.00w2025-07-29yBK